Badang

Bibliographic Details
Other Authors: Zainal Buang Hussein (illustrasi)
Format: Book
Published: Kuala Lumpur : Edusystem , 1993
Series:Klasik Malaysia
Subjects:

MARC

LEADER 00000cam a2200000 7i4500
001 0000003389
002 000003656
005 20000330.0
020 |a 9679062295 
090 0 0 |a JF   |b BAD 
245 0 0 |a Badang   |c diolah semula oleh Adi Alhadi ; illustrasi oleh Zainal Buang Hussein 
260 |a Kuala Lumpur :   |b Edusystem ,   |c 1993 
300 |a 51 p. :   |b ill. ;   |c 25 cm. 
490 0 |a Klasik Malaysia 
650 0 0 |a Children's stories, Malay 
700 1 |a Zainal Buang Hussein ,   |e illustrasi 
999 |a 075505   |b BUKU   |c PINJAMAN   |e PERPUSTAKAAN KOMUNITI PETALING JAYA 
999 |a 075506   |b BUKU   |c PINJAMAN   |e PERPUSTAKAAN KOMUNITI PETALING JAYA